| 000 | 00935nam a2200313 a 4500 | ||
|---|---|---|---|
| 003 | CHAP | ||
| 005 | 20220329142218.0 | ||
| 008 | 000221d mx r 00010 spa d | ||
| 010 | _a79995 | ||
| 011 | _a80967 | ||
| 020 | _a9684441738 | ||
| 035 | _a91426 | ||
| 040 | _cCHAP | ||
| 082 | 0 | 4 |
_a180 _bR6 |
| 100 | 0 | 0 |
_aRodríguez Patiño, Joel. _998772 |
| 245 | 1 | 0 |
_aCurso de filosofía _c/por Joel Rodríguez Patiño |
| 260 |
_aMéxico, D.F. : _bAddison Wesley Longman, _c1990. |
||
| 300 | _a221 p. | ||
| 590 |
_aBATCH-UPD _b10 _c20130110 _lUCH01 _h0428 |
||
| 590 |
_aBATCH-UPD _b10 _c20130410 _lUCH01 _h0103 |
||
| 590 |
_aBATCH-UPD _b10 _c20130914 _lUCH01 _h1407 |
||
| 590 |
_aCONVERSION _b10 _c20130109 _lUCH01 _h1344 |
||
| 650 | 1 | 4 |
_aFilosofía antigua. _940898 |
| 650 | 1 | 4 |
_aFilosofía. _940890 |
| 901 | _aBK | ||
| 905 | _aGuadalupe Pinto C. | ||
| 942 | _cLIBRO | ||
| 949 |
_a180 R6 _bBC _cLIBRO _d33724000746582 _eLIBRO _h96616 _i91426 _si |
||
| 999 |
_c79995 _d79995 |
||